000
00244nam a2200097Ia 4500
001
644293
005
20250826153602.0
008
250824s9999 xx 000 0 und d
245
0
_a
SON KAHRAMANLAR
_c
RECEP ŞÜKRÜ APUHAN
260
_b
TİMAŞ TARİH
999
_c
644293
_d
644293